书目信息 |
| 题名: |
考古編
|
|
| 作者: | 程大昌, 撰 ;刘尚荣 校证 | |
| 分册: | ||
| 出版信息: | 北京 中華書局 2008 |
|
| 页数: | 449页 | |
| 开本: | 21cm | |
| 丛书名: | 學術筆記叢書 | |
| 单 册: | ||
| 中图分类: | Z429.442 | |
| 科图分类: | ||
| 主题词: | 笔记--Bi Ji--中国--南宋--作品集 | |
| 电子资源: | ||
| ISBN: | 978-7-101-06253-3 | |
| 000 | 00854nam0 22002891 450 | |
| 001 | 350393 | |
| 005 | 20161010155958.10 | |
| 010 | @a978-7-101-06253-3@dCNY45.00 | |
| 100 | @a20090223d2008 em y0chiy50 ea | |
| 101 | 0 | @achi |
| 102 | @aCN@b110000 | |
| 105 | @ay z 000yy | |
| 106 | @ar | |
| 200 | 1 | @a考古編@AKao Gu Bian@a續考古編@AXu Kao Gu Bian@f(宋) 程大昌撰@g劉尚榮校證 |
| 210 | @a北京@c中華書局@d2008 | |
| 215 | @a449页@d21cm | |
| 225 | 2 | @a學術筆記叢書@AHua Shai Bi Ji Cong Shu |
| 423 | 0 | @12001?@a續考古編 |
| 461 | 0 | @12001 @a學術筆記叢書 |
| 518 | 1 | @a考古编 |
| 606 | 0 | @a笔记@ABi Ji@y中国@z南宋@j作品集 |
| 690 | @aZ429.442@v5 | |
| 701 | 0 | @a程大昌,@ACheng Da Chang ,@f1123-1195@4撰 |
| 702 | 0 | @a刘尚荣@ALiu Shang Rong@4校证 |
| 730 | 1 | @a劉尚榮@4校證 |
| 801 | 0 | @aCN@bTANGWEI@c20160804 |
| 905 | @b0889810-4@dZ429.442@e60@f5 | |
| 考古編;續考古編/(宋) 程大昌撰/劉尚榮校證.-北京:中華書局,2008 |
| 449页;21cm.-(學術筆記叢書) |
| ISBN 978-7-101-06253-3:CNY45.00 |
| ● |
| 相关链接 |
|
|
|
|
正题名:考古編
索取号:Z429.442/60
 
预约/预借
| 序号 | 登录号 | 条形码 | 馆藏地/架位号 | 状态 | 备注 |
| 1 | 0889810 | 208898102 | 第二样本阅览室/ [索取号:Z429.442/60] | 在馆 | |
| 2 | 0889811 | 208898111 | 第三借阅区/ [索取号:Z429.442/60] | 在馆 | |
| 3 | 0889812 | 208898120 | 第三借阅区/ [索取号:Z429.442/60] | 在馆 | |
| 4 | 0889813 | 208898139 | 第三借阅区/ [索取号:Z429.442/60] | 在馆 | |
| 5 | 0889814 | 208898148 | 第三借阅区/ [索取号:Z429.442/60] | 在馆 |